| 000 | 00688nam a2200205Ii 4500 | ||
|---|---|---|---|
| 003 | JO-AjNU | ||
| 008 | 230605s9999||||xx |||||||||||||| ||und|| | ||
| 040 |
_aJO-AjNU _bara _erda _cJO-AjNU |
||
| 041 | _aara | ||
| 050 | 1 | 4 | _aQC173.55.G4674 1988 |
| 100 | 3 |
_aغصيب، هشام, _eauthor _939455 |
|
| 245 | 0 | 0 | _aالطريق الى النسبيه من كوبر نيكوس الى اينشاتين |
| 250 | _aط1 | ||
| 264 | 3 | 1 | _aعمان:الجمعيه العلميه الملكيه ، 1988 |
| 300 | _a240ص | ||
| 336 |
_atext _btxt _2rdacontent |
||
| 337 |
_aunmediated _bn _2rdamedia |
||
| 338 |
_avolume _bnc _2rdacarrier |
||
| 650 | 4 |
_aالنسبية- نظرية-فيزياء _939456 |
|
| 999 |
_aA16664 _c20232 _d20232 |
||